<?xml version="1.0" encoding="UTF-8"?><marc:collection xmlns:marc="http://www.loc.gov/MARC21/slim">
  <marc:record>
    <marc:leader>00000cas  2200000zi 4500</marc:leader>
    <marc:controlfield tag="001">9.877724</marc:controlfield>
    <marc:controlfield tag="003">CaOODSP</marc:controlfield>
    <marc:controlfield tag="005">20260515093957</marc:controlfield>
    <marc:controlfield tag="006">m    go  d f      </marc:controlfield>
    <marc:controlfield tag="007">cr |||||||||||</marc:controlfield>
    <marc:controlfield tag="008">190809c20159999oncar p o    f0   b0fre|d</marc:controlfield>
    <marc:datafield tag="022" ind1=" " ind2=" ">
      <marc:subfield code="a">2370-6481</marc:subfield>
      <marc:subfield code="y">1494-7056</marc:subfield>
    </marc:datafield>
    <marc:datafield tag="040" ind1=" " ind2=" ">
      <marc:subfield code="a">CaOODSP</marc:subfield>
      <marc:subfield code="b">fre</marc:subfield>
      <marc:subfield code="e">rda</marc:subfield>
      <marc:subfield code="c">CaOODSP</marc:subfield>
    </marc:datafield>
    <marc:datafield tag="043" ind1=" " ind2=" ">
      <marc:subfield code="a">n-cn---</marc:subfield>
    </marc:datafield>
    <marc:datafield tag="086" ind1="1" ind2=" ">
      <marc:subfield code="a">Em13-1F-PDF</marc:subfield>
    </marc:datafield>
    <marc:datafield tag="222" ind1=" " ind2="0">
      <marc:subfield code="a">Rapport de contrôle et d'évaluation de l'assurance emploi</marc:subfield>
    </marc:datafield>
    <marc:datafield tag="245" ind1="1" ind2="0">
      <marc:subfield code="a">Rapport de contrôle et d'évaluation de l'assurance emploi. </marc:subfield>
    </marc:datafield>
    <marc:datafield tag="246" ind1="1" ind2="3">
      <marc:subfield code="a">Rapport de contrôle et d'évaluation de l'assurance-emploi pour l'exercice financier … </marc:subfield>
    </marc:datafield>
    <marc:datafield tag="264" ind1=" " ind2="1">
      <marc:subfield code="a">[Gatineau (Québec)] : </marc:subfield>
      <marc:subfield code="b">Commission de l'assurance-emploi du Canada = Canada Employment Insurance Commission, </marc:subfield>
      <marc:subfield code="c">2016- </marc:subfield>
    </marc:datafield>
    <marc:datafield tag="310" ind1=" " ind2=" ">
      <marc:subfield code="a">Annuel</marc:subfield>
    </marc:datafield>
    <marc:datafield tag="336" ind1=" " ind2=" ">
      <marc:subfield code="a">texte</marc:subfield>
      <marc:subfield code="b">txt</marc:subfield>
      <marc:subfield code="2">rdacontent/fre</marc:subfield>
    </marc:datafield>
    <marc:datafield tag="337" ind1=" " ind2=" ">
      <marc:subfield code="a">informatique</marc:subfield>
      <marc:subfield code="b">c</marc:subfield>
      <marc:subfield code="2">rdamedia/fre</marc:subfield>
    </marc:datafield>
    <marc:datafield tag="338" ind1=" " ind2=" ">
      <marc:subfield code="a">ressource en ligne</marc:subfield>
      <marc:subfield code="b">cr</marc:subfield>
      <marc:subfield code="2">rdacarrier/fre</marc:subfield>
    </marc:datafield>
    <marc:datafield tag="362" ind1="1" ind2=" ">
      <marc:subfield code="a">Paraît depuis 2014/2015.</marc:subfield>
    </marc:datafield>
    <marc:datafield tag="500" ind1=" " ind2=" ">
      <marc:subfield code="a">Publié aussi en anglais sous le titre : Employment insurance monitoring and assessment report.</marc:subfield>
    </marc:datafield>
    <marc:datafield tag="520" ind1="3" ind2=" ">
      <marc:subfield code="a">Les activités permanentes de contrôle et d’évaluation du régime d’assurance-emploi permettent de bien comprendre l’efficacité et les répercussions du régime. Les conclusions rigoureuses qui s’en dégagent ont servi de fondement aux modifications apportées au régime d’assurance-emploi. Ces changements comprennent la bonification des prestations de maternité et parentales, les modifications de la règlementation relative aux petites semaines, et la mise en œuvre de plusieurs projets pilotes devant servir à tester de nouvelles mesures dans des régions à taux de chômage élevé. Pour veiller à ce que l’orientation du régime d’assurance-emploi repose toujours sur des bases solides, le gouvernement continuera de contrôler et d’évaluer le régime d’assurance-emploi.</marc:subfield>
    </marc:datafield>
    <marc:datafield tag="550" ind1=" " ind2=" ">
      <marc:subfield code="a">Présenté à la Ministre de l'Emploi, du Développement de la main-d'oeuvre et du Travail.</marc:subfield>
    </marc:datafield>
    <marc:datafield tag="692" ind1="0" ind2="7">
      <marc:subfield code="2">gccst</marc:subfield>
      <marc:subfield code="a">Assurance-emploi</marc:subfield>
    </marc:datafield>
    <marc:datafield tag="710" ind1="1" ind2=" ">
      <marc:subfield code="a">Canada. </marc:subfield>
      <marc:subfield code="b">Emploi et développement social Canada.</marc:subfield>
    </marc:datafield>
    <marc:datafield tag="710" ind1="2" ind2=" ">
      <marc:subfield code="a">Commission de l'assurance-emploi du Canada.</marc:subfield>
    </marc:datafield>
    <marc:datafield tag="775" ind1="0" ind2="8">
      <marc:subfield code="t">Employment insurance monitoring and assessment report. </marc:subfield>
      <marc:subfield code="w">(CaOODSP)9.877708</marc:subfield>
    </marc:datafield>
    <marc:datafield tag="780" ind1="0" ind2="0">
      <marc:subfield code="t">Assurance-emploi : </marc:subfield>
      <marc:subfield code="w">(CaOODSP)9.502296</marc:subfield>
    </marc:datafield>
  </marc:record>
</marc:collection>
